=LDR 00000nam 2200000 4500 =001 INLIS000000000011883 =005 20130612103430 =008 ***********************************Ing** =035 ##$$0010-061300000011883 =041 ##$$a Ing =082 ##$$a 428 =090 ##$$a 428 Eng. e =245 ##$$a English for education science (MKDU) bahasa ingris untuk umum pendidikan =300 ##$$a vii, 68 hlm, 28 cm =650 ##$$a Bahasa Inggris =850 ##$$a NBPNMAT